000 00611nam a2200205Ia 4500
005 20220616103855.0
008 210716s2003 xx 000 0 und d
020 _a817656706X
040 _cAIMIT LIBRARY
041 _aeng
082 _a005.73
_21
_bKANY
100 _aKanetkar, Yashavant P.
_943239
245 _aData structures though c /
_cBy YashavantP. Kanetkar.
250 _a1st ed.
260 _aNew Delhi :
_bBPB Publications ,
_c2003 .
300 _a616p. ;
_c21.5 cm.
650 _aAnalysis of algorithms
_943240
650 _aSearching and sorting
_943241
942 _2ddc
_cBK
_e1st
_k005.73 KANY
999 _c186338
_d186338